000 00710nam a2200217 i 4500
001 142527
003 ES-MaACL
005 20230906200540.0
007 t|
008 071005s1968 sp ||||1| spa d
100 1 _aWittgenstein, Ludwig.
_9117183
245 1 4 _aLos cuadernos azul y marrón /
_cLudwig Wittgenstein ; prefacio de Rush Rhees [traducción por Francisco Gracia Guillen].
260 _aMadrid :
_bTecnos,
_c[1968]
300 _a230 p. ;
_c24 cm.
490 1 _aEstructura y función ;
_v25
700 1 _aRhees, Rush.
_996650
700 1 _aGracia Guillén, Francisco.
_959470
830 0 _aEstructura y función ;
_v25
_9181428
852 _aES-MaACL
_jG-8436
_bR.65320
999 _c142527
_d142527